[Event "European Corporate 2nd"]
[Site "Minsk"]
[Date "2019.08.31"]
[Round "6.7"]
[White "Kindeev, Sergey"]
[Black "Petrov, Viktor"]
[Result "0-1"]
[WhiteElo "1915"]
[BlackElo "1932"]
[PlyCount "68"]
[EventDate "2019.08.30"]
[EventType "team-swiss"]
[EventRounds "9"]
[EventCountry "BLR"]
[SourceTitle "EXT 2020"]
[Source "ChessBase"]
[SourceDate "2019.10.17"]
[SourceVersion "1"]
[SourceVersionDate "2019.10.17"]
[SourceQuality "1"]
[WhiteTeam "BELAZ"]
[BlackTeam "Kaspersky"]
[WhiteTeamCountry "BLR"]
[BlackTeamCountry "FRA"]

1. d4 d6 2. Bf4 Nf6 3. e3 g6 4. Nc3 Bg7 5. Bd3 0-0 6. Nf3 Nbd7 7. Qd2 c6 8. 0-0-0 b5 9. a3 a5 10. Ne4 Nh5 11. Bg3 Qb6 12. b3 e5 13. Be2 d5 14. Neg5 Qd8 15. Nh3 e4 16. Ne1 Nxg3 17. hxg3 Qf6 18. g4 Nb6 19. g5 Qd6 20. Nf4 Qxa3+ 21. Kb1 a4 22. Qc3 axb3 23. cxb3 Nc4 24. Bxc4 bxc4 25. Nc2 Qa2+ 26. Kc1 cxb3 27. Kd2 bxc2 28. Qxc2 Qxc2+ 29. Kxc2 Ra2+ 30. Kb1 Rxf2 31. g3 Bg4 32. Rc1 c5 33. Rxc5 Rb8+ 34. Kc1 Ra2 0-1